000 00916nam a2200253Ia 4500
003 OSt
005 20221005103956.0
006 a|||||r|||| 00| 0
007 ta
008 221004b |||||||| |||| 00| 0 hin d
020 _a817917073X (hbk)
_c450
024 _a100392
037 _b374, 04/03/2010, Swaraj Prakashan
_cTextual
040 _aCRL
_cCRL
_bhin
041 _2hin
_ahin
082 _aQ20aY:1.2, 152P5
100 _aश्रीमाली, कृष्ण मोहन
245 0 _aधर्म, समाज और संस्कृति
246 _aDharma, samāj aur sanskṛuti
260 _aदिल्ली
_bग्रंथ शिल्पी भारत
_c2005
300 _a264पृ0
_ccm.
942 _hQ20aY:1.2, 152P5
_cTEXL
_2cc
999 _c1011415
_d1011415